| 000 | 00483nam a2200157Ia 4500 | ||
|---|---|---|---|
| 008 | 160316s2003 xxu||||| |||| 00| 0 eng d | ||
| 082 |
_a347.090000 _bHAZ |
||
| 100 | _aHazra Arnab Kumar | ||
| 245 | _aThe law and economics of dispute resolution in India | ||
| 250 | _a | ||
| 260 |
_aNew Delhi _bBook Well _c2003 |
||
| 300 |
_a222p _b _cxiii |
||
| 365 | _bRS.445 | ||
| 650 | _a1. Dispute Resolution - Law - India 2. Dispute Resolution - Law - Economic Aspects - India | ||
| 700 |
_a _a |
||
| 999 |
_c22313 _d22313 |
||